000 00548nam a2200205Ia 4500
003 0100
008 130227s9999 xx 000 0 und d
040 _cARRUPELIB
050 _aBS2595.3.B27 1973
100 _aBailey, Kenneth E.
245 4 _aThe cross and the prodigal
245 _bthe 15th chapter of Luke, seen through the eyes of middle estern peasants
260 _aSt. Louis, Missouri
260 _bConcordia Publishing House
260 _C1973
300 _a133p.
300 _b 24cm.
650 _bCribbage
942 _2lcc
_01
999 _c4220
_d4220